| 000 | 00768nam a22002177a 4500 | ||
|---|---|---|---|
| 999 |
_c13853 _d13853 |
||
| 003 | AR-CdUCM | ||
| 008 | 190416b ||||| |||| 00| 0 spa d | ||
| 040 |
_aMUNICIPALIDAD PROVINCIAL DEL CUSCO _cBIBLIOTECA MUNICIPAL DEL CUSCO |
||
| 082 |
_aC / 349.853 / _bP77 |
||
| 100 |
_aPonce de Leon, Francisco _929819 |
||
| 245 | _aSituación jurídico-penal de los aborígenes peruanos / | ||
| 260 |
_aCuzco : _bH. G. Rozas sucs, _c1948. |
||
| 300 |
_a106 páginas ; _c21 cm. |
||
| 505 | _aBases penales de la constitución -- Código penal de 1924 -- Disposiciones generales... | ||
| 650 |
_aSIglo XX. _97898 |
||
| 650 |
_aAborígenes. _932432 |
||
| 650 |
_aDerechos. _96548 |
||
| 650 |
_aConstitución de 1923. _932433 |
||
| 942 |
_2ddc _cLIBROS |
||
| 945 |
_awfj _d2019-04-16 |
||